| 000 | 008170000a22002050004500 | ||
|---|---|---|---|
| 003 | LK-CoMWRAF | ||
| 005 | 20231010154540.0 | ||
| 008 | 230817t1970 ||||| |||| 00| 0 eng d | ||
| 040 |
_aLK-CoMWRAF _dLK-CoMWRAF _eLK-CoMWRAF |
||
| 041 | _aeng | ||
| 082 |
_a320.5 _bSHE |
||
| 100 | _aSherwani, Haroon Khan | ||
| 245 | _aStudies in Muslim Political thought and administration | ||
| 260 |
_aLahore: _bMuhammad Ashraf, _c1970 |
||
| 300 | _aviii, 294 p. ; 23 cm. | ||
| 650 | _aISLAM AND STATE | ||
| 650 | _aIslam and politics | ||
| 856 | _uhttps://ia904605.us.archive.org/28/items/political-thought-from-plato-to-the-present-m.-judd-harmon-urdukutabkhanapk.blogspot/Studies%20in%20Muslim%20Political%20Thought%20and%20Administration%20by%20Haroon%20Khan%20Sherwani%20_%28urdukutabkhanapk.blogspot%29.pdf | ||
| 942 | _cBK | ||
| 999 |
_c1239 _d1239 |
||